MARC details
| 000 -CABECERA |
| campo de control de longitud fija |
02457nam a22002657a 4500 |
| 003 - IDENTIFICADOR DEL NÚMERO DE CONTROL |
| campo de control |
OSt |
| 005 - FECHA Y HORA DE LA ÚLTIMA TRANSACCIÓN |
| campo de control |
20260512153935.0 |
| 008 - DATOS DE LONGITUD FIJA--INFORMACIÓN GENERAL |
| campo de control de longitud fija |
251023b |||||||| |||| 00| 0 eng d |
| 022 ## - NÚMERO INTERNACIONAL NORMALIZADO PARA PUBLICACIONES SERIADAS |
| Número Internacional Normalizado para Publicaciones Seriadas |
1472-3891 |
| 040 ## - FUENTE DE LA CATALOGACIÓN |
| Centro catalogador/agencia de origen |
English |
| Centro/agencia transcriptor |
tbs |
| 041 ## - CÓDIGO DE LENGUA |
| Código de lengua del texto/banda sonora o título independiente |
English |
| 100 ## - ENTRADA PRINCIPAL--NOMBRE DE PERSONA |
| Nombre de persona |
Bionyi Nyoh, Israel |
| 9 (RLIN) |
26443 |
| 245 ## - MENCIÓN DE TÍTULO |
| Título |
How multinational civil society organisations and non‐governmental organisations lobby policy for human rights in Africa |
| Mención de responsabilidad, etc. |
/ Israel Bionyi Nyoh |
| 260 ## - PUBLICACIÓN, DISTRIBUCIÓN, ETC. |
| Nombre del editor, distribuidor, etc. |
Journal of Public Affairs |
| Fecha de publicación, distribución, etc. |
2011 |
| 362 ## - FECHAS DE PUBLICACIÓN Y/O DESIGNACIÓN SECUENCIAL |
| Fecha de publicación y/o designación secuencial |
J Public Affairs. 2020;20:e1903. https://doi.org/10.1002/pa.1903 |
| 500 ## - NOTA GENERAL |
| Nota general |
In recent years, the number of international non‐governmental organisations (INGOs) and international civil society organisations (ICSOs) trying to influence policy processes in Africa has increased considerably. These players increasingly play an important role in socio‐political and life of many African countries. To achieve certain political results, INGOs and ICSOs often lobby governments, using a variety of techniques. Though lobbying as a public relations (PR) technique is widely discussed in academic spheres, the debate on the relationship between transnational advocacy and lobbying as a PR practice is still marginal. This paper explores how INGOs and ICSOs lobby governments in Africa and examines via a case the effectiveness of activist lobbying in the continent. |
| 520 ## - SUMARIO, ETC. |
| Sumario, etc. |
This conceptual paper explores the cultural dimensions of corporate political activity (CPA). Concerned that prior research into firms’ political actions has been insensitive to culture and its impact on corporate strategising, national culture is introduced as an explanatory factor behind managers’ political objectives and the strategies they prefer to use in pursuit of those objectives. The paper adds to existing research by unpacking and examining corporate political action at a deeper, more complex, human level. Understanding that corporate political strategies are affected by culture enables politically-active managers to anticipate, respond to and act on strategies pursued by competitor firms from other countries. |
| 653 ## - TÉRMINO DE INDIZACIÓN--NO CONTROLADO |
| Término no controlado |
Lobbying |
| 653 ## - TÉRMINO DE INDIZACIÓN--NO CONTROLADO |
| Término no controlado |
Public relations |
| 653 ## - TÉRMINO DE INDIZACIÓN--NO CONTROLADO |
| Término no controlado |
Civil society |
| 653 ## - TÉRMINO DE INDIZACIÓN--NO CONTROLADO |
| Término no controlado |
Human rights |
| 653 ## - TÉRMINO DE INDIZACIÓN--NO CONTROLADO |
| Término no controlado |
Africa |
| 856 ## - LOCALIZACIÓN Y ACCESO ELECTRÓNICOS |
| Identificador Uniforme del Recurso |
<a href="https://bibliotheque.tbs-education.fr/Default/doc/bth/144300148/how-multinational-civil-society-organisations-and-non-governmental-organisations-lobby-policy-for-hu">https://bibliotheque.tbs-education.fr/Default/doc/bth/144300148/how-multinational-civil-society-organisations-and-non-governmental-organisations-lobby-policy-for-hu</a> |
| 942 ## - ELEMENTOS DE ENTRADA AGREGADA (KOHA) |
| Fuente del sistema de clasificación o colocación |
Clasificación de Library of Congress |